| 000 | 00910nam a2200277Ia 4500 | ||
|---|---|---|---|
| 001 | Para_3156 | ||
| 003 | CHAP | ||
| 008 | 220125s1979 xx 000 0 und d | ||
| 010 | _a201629 | ||
| 040 | _cCHAP | ||
| 090 | _aPA TESIS 389 | ||
| 100 |
_aManjarrez Morales, Pedro _970488 |
||
| 245 |
_aEstudio preliminar sobre la virosis del haba (Vicia faba) en el Estado de México / _c Pedro Manjarrez Morales |
||
| 260 |
_aChapingo, Méx. : _b El autor |
||
| 300 | _a68 h. | ||
| 502 | _aTesis (Maestro en Ciencias Esp. en Fitopatología) -- CP. Rama de Fitopatología | ||
| 650 |
_aHaba _x Enfermedades por virus _952103 |
||
| 710 |
_aColegio de Postgraduados (Chapingo, Mex.). Rama de Fitopatología _925090 |
||
| 901 | _aPA TESIS 389 | ||
| 902 | _aA | ||
| 905 | _a0000001979 CHAai 0000000000 00 | ||
| 910 | _a1979 | ||
| 942 | _cPARA | ||
| 942 |
_cPARA _d1 |
||
| 999 |
_c201629 _d201629 |
||